Geography Quiz

Random Geography or World Quiz

Secret Country III Quiz Stats

 Plays Quiz Updated Jul 2, 2018

Also try: Secret Country II
Challenge
Share
Tweet
Score 0/197 Timer 01:00
25 Plays Today
% Correct
Egypt
71.7%
Saudi Arabia
70.3%
Yemen
67.5%
Russia
67.4%
Oman
66.3%
United States of America
65.8%
Iran
64.9%
China
64.8%
Iraq
64.5%
Somalia
63.4%
United Arab Emirates
62.8%
Sudan
62.6%
Israel
62.5%
Ethiopia
62.2%
Italy
62.1%
India
61.2%
Turkey
60.9%
Kenya
60%
Qatar
59.1%
Jordan
58.9%
Syria
58%
Chad
57.9%
Australia
57.4%
France
57.4%
United Kingdom
57.2%
South Africa
57.2%
South Sudan
56.8%
Kuwait
56.7%
Eritrea
56.6%
Canada
56.5%
Niger
55.7%
Germany
55.6%
Libya
55.6%
Lebanon
55.2%
Mexico
55%
Spain
54.9%
Brazil
54.7%
Palestine
54.5%
Greece
54.4%
Bahrain
54.4%
Democratic Republic of the Congo
54%
Uganda
53.9%
Pakistan
53.7%
Rwanda
53.4%
Tanzania
53.4%
Madagascar
53.1%
Algeria
52.9%
Morocco
52.6%
Afghanistan
52.5%
Nigeria
52.4%
Central African Republic
52.3%
Panama
52%
Japan
52%
Mali
51.8%
Ghana
51.6%
Poland
51.4%
Zimbabwe
51.1%
Cyprus
51%
Honduras
51%
Austria
51%
Cuba
50.9%
Guatemala
50.8%
Belize
50.8%
Nicaragua
50.8%
Tunisia
50.8%
Costa Rica
50.7%
% Correct
Mozambique
50.7%
Ukraine
50.7%
Portugal
50.6%
Mongolia
50.6%
Burundi
50.6%
Angola
50.5%
Sweden
50.5%
Croatia
50.5%
Rep Congo
50.5%
Switzerland
50.4%
Indonesia
50.4%
Zambia
50.4%
Norway
50.4%
Romania
50.4%
Sri Lanka
50.3%
El Salvador
50.3%
Iceland
50.3%
Ireland
50.2%
Maldives
50.2%
Togo
50.2%
Nepal
50.1%
Malawi
50.1%
Georgia
50.1%
Seychelles
50.1%
Botswana
50.1%
Lesotho
50.1%
Kazakhstan
50.1%
Cameroon
50.1%
Chile
50.1%
Serbia
50.1%
Hungary
50.1%
Malta
50%
Argentina
50%
Vatican City
50%
Senegal
49.9%
Peru
49.9%
Albania
49.9%
Cote d'Ivoire
49.9%
Jamaica
49.9%
Finland
49.9%
Bulgaria
49.8%
Thailand
49.8%
Namibia
49.8%
Armenia
49.8%
Vietnam
49.8%
Liberia
49.8%
Belgium
49.8%
Monaco
49.8%
Denmark
49.7%
Gabon
49.8%
New Zealand
49.7%
Andorra
49.7%
Colombia
49.7%
San Marino
49.7%
Moldova
49.7%
Haiti
49.7%
Laos
49.6%
Benin
49.6%
Azerbaijan
49.6%
Bhutan
49.6%
Czechia
49.6%
Slovenia
49.6%
Macedonia
49.5%
Uzbekistan
49.5%
Fiji
49.5%
Kosovo
49.5%
% Correct
Slovakia
49.5%
The Gambia
49.5%
Comoros
49.5%
Bangladesh
49.5%
eSwatini
49.5%
Luxembourg
49.5%
Turkmenistan
49.5%
Guinea
49.4%
Malaysia
49.4%
Belarus
49.4%
Ecuador
49.4%
Venezuela
49.4%
Netherlands
49.4%
Bolivia
49.3%
Sierra Leone
49.3%
Mauritius
49.3%
Dominica
49.3%
The Bahamas
49.3%
Myanmar
49.3%
Philippines
49.3%
Brunei
49.3%
Kyrgyzstan
49.2%
Estonia
49.2%
Latvia
49.2%
Montenegro
49.2%
Singapore
49.2%
Burkina Faso
49.2%
Liechtenstein
49.2%
South Korea
49.1%
Barbados
49.1%
Uruguay
49.1%
Cambodia
49.1%
Mauritania
49.1%
Suriname
49.1%
Tajikistan
49.1%
Bosnia and Herzegovina
49.1%
Paraguay
49.1%
North Korea
49.1%
Tonga
49.1%
Kiribati
49.1%
Guyana
49.1%
Samoa
49.1%
Tuvalu
49%
Dominican Republic
49%
Lithuania
49%
Papua New Guinea
49%
Micronesia
49%
Palau
49%
St Kitts
49%
Timor-Leste
49%
Trinidad and Tobago
49%
Vanuatu
49%
Nauru
49%
Taiwan
49%
Equatorial Guinea
49%
Marshall Islands
49%
Saint Lucia
49%
Grenada
48.9%
Solomon Islands
48.9%
Antigua and Barbuda
48.9%
St Vincent
48.9%
Cabo Verde
48.8%
Sao Tome and Principe
48.8%
Guinea-Bissau
48.8%
Djibouti
48.7%

You're not logged in!

Compare scores with friends on all Sporcle quizzes.
OR
Log In

You Might Also Like...

Show Comments

Extras

Top Quizzes Today


Score Distribution

Your Account Isn't Verified!

In order to create a playlist on Sporcle, you need to verify the email address you used during registration. Go to your Sporcle Settings to finish the process.

Report this User

Report this user for behavior that violates our Community Guidelines.

Details: